000 00270nam a22001217a 4500
020 _a8176221791
082 _a637.1
_bGOD/MI
100 _aGodbole,N.N
_9408
245 _aMilk the Most Perfect Food
260 _aDelhi
_bBiotech Books
_c2013
300 _a139
942 _cBK
999 _c14294
_d14294